000 00546nam a22001817a 4500
999 _c171480
_d171480
005 20200128165726.0
010 _aENG-127409
020 _a9789386078261
_c850.00
035 _aEN-110940
037 _bDBAD/PUB
082 _a230.6
245 _aReligious practises in hinduism/
_cby Ajay Singh
260 _aDelhi
_bPrakashan kendra
_c2018
270 _a1/11955,first floor,Road no.65,Subhash Marg,Shahdara
_bDelhi
_e110032
300 _a216p.
_c24cm(hb)
500 _aincludes bibliography.
942 _2ddc
_cEN
_h230.6
_mAJA